A history of experimental psychology / (Record no. 32428)
[ view plain ]
| 000 -LEADER | |
|---|---|
| fixed length control field | 00813cam a22002531 4500 |
| 001 - CONTROL NUMBER | |
| control field | 32428 |
| 003 - CONTROL NUMBER IDENTIFIER | |
| rucl marc code | BD-RjUL |
| 005 - DATE AND TIME OF LATEST TRANSACTION | |
| control field | 20211209051832.0 |
| 008 - FIXED-LENGTH DATA ELEMENTS--GENERAL INFORMATION | |
| fixed length control field | 140426s1957 nyuabc b 001 0 eng |
| 035 ## - SYSTEM CONTROL NUMBER | |
| System control number | (BD-RjUL)32517 |
| 040 ## - CATALOGING SOURCE | |
| Original cataloging agency | DLC |
| Transcribing agency | DLC |
| Modifying agency | DLC |
| -- | BD-RjUL |
| Language of cataloging | eng |
| 041 ## - LANGUAGE CODE | |
| Language code of text/sound track or separate title | eng |
| 082 00 - DEWEY DECIMAL CLASSIFICATION NUMBER | |
| Classification number | 150.72 |
| Author mark and year | BOH 1957 |
| 100 1# - MAIN ENTRY--PERSONAL NAME | |
| Personal name | Boring, Edwin Garrigues. |
| Dates associated with a name | 1886-1968. |
| 9 (RLIN) | 88221 |
| 245 02 - TITLE STATEMENT | |
| Title | A history of experimental psychology / |
| Statement of responsibility, etc. | Edwin Garrigues Boring, |
| 250 ## - EDITION STATEMENT | |
| Edition statement | 2d ed. |
| 260 ## - PUBLICATION, DISTRIBUTION, ETC. (IMPRINT) | |
| Place of publication, distribution, etc. | New York : |
| Name of publisher, distributor, etc. | Appleton-Century-Crofts, |
| Date of publication, distribution, etc. | c1957. |
| 300 ## - PHYSICAL DESCRIPTION | |
| Pagination | xxi, 777 p. : |
| Illustrations | illus., port., map (on lining papers) ; |
| Size | 25 cm. |
| 490 0# - SERIES STATEMENT | |
| Series statement | The Century psychology series |
| 504 ## - BIBLIOGRAPHY, ETC. NOTE | |
| Bibliography, etc | Includes bibliographies & Index. |
| 650 #0 - SUBJECT ADDED ENTRY--TOPICAL TERM | |
| Topical term or geographic name as entry element | Psychology, Experimental |
| General subdivision | History. |
| 9 (RLIN) | 88222 |
| 942 ## - ADDED ENTRY ELEMENTS (KOHA) | |
| Source of classification or shelving scheme | Dewey Decimal Classification |
| Koha item type | Books |
| Lost status | Source of classification or shelving scheme | Damaged status | Not for loan | Collection code | Permanent Location | Current Location | Shelving location | Date acquired | Source of acquisition | Cost, normal purchase price | Total Checkouts | Full call number | Date last seen | Copy number | Koha item type |
|---|---|---|---|---|---|---|---|---|---|---|---|---|---|---|---|
| Dewey Decimal Classification | Non-fiction | Central Library, University of Rajshahi | Central Library, University of Rajshahi | 11/02/1963 | Zeitlinger | 46.00 | 150.72 BOH 1957 | 26/04/2014 | C-2 | Books | |||||
| Dewey Decimal Classification | Non-fiction | Central Library, University of Rajshahi | Central Library, University of Rajshahi | 20/10/1973 | US govt Gift. | 0.00 | 150.72 BOH 1957 | 26/04/2014 | C-7 | Books | |||||
| Dewey Decimal Classification | Non-fiction | Central Library, University of Rajshahi | Central Library, University of Rajshahi | 11/02/1963 | Zeitlinger | 46.00 | 150.72 BOH 1957 | 26/04/2014 | C-6 | Books | |||||
| Dewey Decimal Classification | Non-fiction | Central Library, University of Rajshahi | Central Library, University of Rajshahi | 20/10/1973 | US govt Gift. | 0.00 | 150.72 BOH 1957 | 26/04/2014 | C-8 | Books |